LEADER 00941nam a2200229 i 4500 001 000000107474 003 CaOOAMICUS 005 20161102000000.0 008 161102s1999 it u000 u ita u 013 $a79732 040 $aSeMil$bita 100 1 $aLanzetti, Clemente.$0(OLS)http://semarc/name/24875 245 13$aLa qualità del servizio in ospedale :$buna ricerca sull'esperienza dei malati /$cClemente Lanzetti. 260 $aMilano :$bFranco Angeli,$cc1999. 300 $a248 p. ;$c22 cm. 490 0 $aSanità ;$v6 830 0$aSanità ;$v6.$0(OLS)http://semarc/title/10553 850 $aSeMil 852 $aSeMil$W1$xVenegono$y1$m3XA III 5$j63570$B63570$CSeMilBibl$Z2$F214631 $81 961 $aOmaggio: Giudici Ecc. Giovanni 996 $6245$aLa qualità del servizio in ospedale :$buna ricerca sull'esperienza dei malati$9(OLS)http://semarc/title/156017 996 $6260$aMilano :$bFranco Angeli$9(OLS)http://semarc/publisher/30369 LEADER 00433nab a2200133 i 4500 001 000000310407 003 CaOOAMICUS 005 20180831173013.0 008 180831n xx uu u0 0und r 013 $a19499 040 $aSeMil$bita 245 10$aCardinale (Il) Giuseppe Pecci. Cenni biografici. 773 0 $t[Gennaio-Giugno].$g439-454,527-541$w()273963 996 $6245$aCardinale (Il) Giuseppe Pecci. Cenni biografici$9(OLS)http://semarc/title/385221